[Event "26th WSCC 2016 Open 50+"]
[Site "Marianske Lazne, Czech Republic - Hotel Cristal and Continental"]
[Date "2016.11.26"]
[Round "7.44"]
[White "Malinovsky, Petr"]
[Black "Yasin, Hur"]
[Result "1-0"]
[WhiteElo "1957"]
[BlackElo "2075"]
[PlyCount "83"]
[EventDate "2016.11.19"]

1. d4 Nf6 2. c4 e6 3. Nc3 Bb4 4. Bg5 c5 5. d5 h6 6. Bh4 b5 7. e3 bxc4 8. Bxc4
Bb7 9. Bxf6 Qxf6 10. Nge2 exd5 11. Bxd5 Nc6 12. O-O O-O 13. Ne4 Qe7 14. Rc1
Rab8 15. a3 Nd4 16. Bxb7 Nxe2+ 17. Qxe2 Rxb7 18. Ng3 Rfb8 19. axb4 Rxb4 20. Rc2
d5 21. h3 g6 22. Rd1 Qe5 23. Rxc5 Rxb2 24. Qf3 Rb1 25. Rcxd5 Qa1 26. Kh2 h5 27.
Rd7 Qa2 28. Rxb1 Rxb1 29. Ne4 Qe6 30. Rxa7 Rb5 31. Qxf7+ Qxf7 32. Rxf7 Re5 33.
Rf4 g5 34. Nf6+ Kg7 35. Rf3 Kg6 36. h4 g4 37. Rf4 Re6 38. Ne4 Re5 39. Ng3 Ra5
40. e4 Rb5 41. Rf5 Rxf5 42. exf5+ 1-0

[Event "26th WSCC 2016 Open 50+"]
[Site "Marianske Lazne, Czech Republic - Hotel Cristal and Continental"]
[Date "2016.11.26"]
[Round "7.45"]
[White "Schneider, Alexander"]
[Black "Hoffmann, Michael"]
[Result "1/2-1/2"]
[WhiteElo "2058"]
[BlackElo "1920"]
[PlyCount "57"]
[EventDate "2016.11.19"]

1. Nf3 d5 2. d4 Nf6 3. c4 e6 4. Nc3 c6 5. e3 Nbd7 6. a3 Bd6 7. Be2 O-O 8. O-O
dxc4 9. Bxc4 b5 10. Be2 Bb7 11. b3 a6 12. Bb2 c5 13. Rc1 Rc8 14. dxc5 Nxc5 15.
b4 Nce4 16. Nxe4 Nxe4 17. Rxc8 Qxc8 18. Qd4 f6 19. Rc1 Qb8 20. Qb6 Rc8 21. Bd3
Rxc1+ 22. Bxc1 Qc7 23. Qxc7 Bxc7 24. Nd4 Kf7 25. Nb3 Bb6 26. Bb2 h6 27. Bxe4
Bxe4 28. Bd4 Bd5 29. Bxb6 1/2-1/2

[Event "26th WSCC 2016 Open 50+"]
[Site "Marianske Lazne, Czech Republic - Hotel Cristal and Continental"]
[Date "2016.11.26"]
[Round "7.46"]
[White "Ptacnik, Stanislav"]
[Black "Shashidhar, B Rai"]
[Result "1/2-1/2"]
[WhiteElo "2037"]
[BlackElo "1306"]
[PlyCount "64"]
[EventDate "2016.11.19"]

1. e4 c5 2. Nf3 d6 3. c3 Nf6 4. Be2 Nc6 5. d4 cxd4 6. cxd4 Nxe4 7. d5 Qa5+ 8.
Nc3 Ne5 9. Nxe5 dxe5 10. Bb5+ Kd8 11. Qb3 a6 12. Be2 e6 13. O-O Nxc3 14. bxc3
Kc7 15. Bf3 Qb5 16. Qd1 Bc5 17. c4 Qd7 18. Bb2 f6 19. Qc2 Qe7 20. Rfd1 Kb8 21.
Rab1 Ka7 22. Bc3 Rb8 23. a4 g6 24. a5 Rd8 25. g3 exd5 26. cxd5 Bf5 27. Be4 Bxe4
28. Qxe4 b5 29. axb6+ Rxb6 30. Rxb6 Bxb6 31. Bb4 Bc5 32. d6 Bxd6 1/2-1/2

[Event "26th WSCC 2016 Open 50+"]
[Site "Marianske Lazne, Czech Republic - Hotel Cristal and Continental"]
[Date "2016.11.26"]
[Round "7.47"]
[White "Urban, Zdenek"]
[Black "Hrabal, Ivan"]
[Result "0-1"]
[WhiteElo "2205"]
[BlackElo "1932"]
[PlyCount "78"]
[EventDate "2016.11.19"]

1. d4 e6 2. c4 f5 3. Nf3 Nf6 4. g3 Bb4+ 5. Nbd2 b6 6. a3 Bxd2+ 7. Bxd2 Bb7 8.
Bg2 O-O 9. O-O Qe8 10. b4 d6 11. Bc3 Ne4 12. Bb2 Nd7 13. Ne1 Qg6 14. f3 f4 15.
g4 Ndf6 16. Qd3 Nxg4 17. fxg4 Qxg4 18. d5 exd5 19. cxd5 Rae8 20. Rc1 Re7 21.
Rc4 Ng5 22. Nf3 Ba6 23. Kh1 Bxc4 24. Qxc4 Ne4 25. Ng1 Nd2 26. Qc1 Nxf1 27. Qxf1
Qg6 28. Qc1 Qh5 29. Bf3 Qf5 30. Bd4 g5 31. h3 h5 32. Bg2 g4 33. Bf3 gxf3 34.
exf3 Qd3 35. Ba1 Rff7 36. Qc6 Re1 37. Kg2 Qd2+ 38. Kh1 Qf2 39. Qa8+ Rf8 0-1

[Event "26th WSCC 2016 Open 50+"]
[Site "Marianske Lazne, Czech Republic - Hotel Cristal and Continental"]
[Date "2016.11.26"]
[Round "7.48"]
[White "Danek, Pavel"]
[Black "Dovzhenko, Viktor"]
[Result "1/2-1/2"]
[WhiteElo "1917"]
[BlackElo "2171"]
[PlyCount "101"]
[EventDate "2016.11.19"]

1. d4 g6 2. Nf3 Bg7 3. c3 c5 4. Bf4 cxd4 5. cxd4 Nf6 6. Qb3 O-O 7. Nc3 Nc6 8.
e3 Nh5 9. Bg3 d6 10. Be2 Nxg3 11. hxg3 e5 12. d5 Ne7 13. Ng5 h6 14. Nh3 a6 15.
g4 Qa5 16. O-O-O Bd7 17. Kb1 e4 18. Nxe4 Ba4 19. Qa3 b5 20. b3 f5 21. Nxd6 Qc3
22. Rd4 Bxd4 23. exd4 Qxd4 24. Qc1 f4 25. Qb2 Qxd5 26. Rd1 Qxg2 27. Qe5 Ra7 28.
Nxf4 Qxf2 29. Ne6 Qf6 30. Qe3 Rd7 31. Nxf8 Rxd6 32. Rxd6 Qxd6 33. Qe6+ Qxe6 34.
Nxe6 Kf7 35. Nc5 Bxb3 36. axb3 Nd5 37. Kb2 Nc7 38. Kc3 a5 39. Bf3 Kf6 40. Kd4
Kg5 41. Bd1 h5 42. Ne4+ Kf4 43. gxh5 gxh5 44. Bxh5 a4 45. bxa4 bxa4 46. Nc3
Ne6+ 47. Kc4 a3 48. Kb3 Kg5 49. Bf7 Kf6 50. Bg8 Ng5 51. Kxa3 1/2-1/2

[Event "26th WSCC 2016 Open 50+"]
[Site "Marianske Lazne, Czech Republic - Hotel Cristal and Continental"]
[Date "2016.11.26"]
[Round "7.49"]
[White "Robertson, Ian C"]
[Black "Frost, Peter"]
[Result "1/2-1/2"]
[WhiteElo "2127"]
[BlackElo "1916"]
[PlyCount "71"]
[EventDate "2016.11.19"]

1. d4 d6 2. e4 Nf6 3. Nc3 e5 4. Nf3 Nbd7 5. Bc4 h6 6. O-O Be7 7. a4 c6 8. a5
O-O 9. Re1 Re8 10. h3 Qc7 11. Be3 Nxe4 12. Nxe4 d5 13. Bxd5 cxd5 14. Nc3 Bf8
15. dxe5 Nxe5 16. Nxe5 Rxe5 17. Nxd5 Qc6 18. Nf4 Bf5 19. c3 Rae8 20. Qd2 a6 21.
Bd4 Rxe1+ 22. Rxe1 Rxe1+ 23. Qxe1 Qe4 24. Qxe4 Bxe4 25. f3 Bc6 26. Kf2 Bd6 27.
Nd3 f6 28. Ke3 Kf7 29. c4 h5 30. Bc5 Bc7 31. b4 g5 32. Ne1 f5 33. Nc2 f4+ 34.
Ke2 Be5 35. Ne1 Kg6 36. Nd3 1/2-1/2

[Event "26th WSCC 2016 Open 50+"]
[Site "Marianske Lazne, Czech Republic - Hotel Cristal and Continental"]
[Date "2016.11.26"]
[Round "7.50"]
[White "Prueske, Wolfgang"]
[Black "Wolff, Peter"]
[Result "1/2-1/2"]
[WhiteElo "2093"]
[BlackElo "1912"]
[PlyCount "56"]
[EventDate "2016.11.19"]

1. e4 c6 2. d4 d5 3. Nc3 dxe4 4. Nxe4 Bf5 5. Ng3 Bg6 6. h4 h6 7. Nf3 Nd7 8. h5
Bh7 9. Bd3 Bxd3 10. Qxd3 e6 11. Bd2 Ngf6 12. O-O-O Be7 13. Kb1 O-O 14. Ne4 Nxe4
15. Qxe4 Nf6 16. Qe2 Qd5 17. Be3 Ng4 18. Bc1 c5 19. Ne5 Nxe5 20. dxe5 Qc6 21.
g4 Rad8 22. f4 Rxd1 23. Rxd1 Rd8 24. g5 Rxd1 25. Qxd1 hxg5 26. fxg5 g6 27. hxg6
fxg6 28. Qd3 Kf7 1/2-1/2

[Event "26th WSCC 2016 Open 50+"]
[Site "Marianske Lazne, Czech Republic - Hotel Cristal and Continental"]
[Date "2016.11.26"]
[Round "7.51"]
[White "Wilkinson, Ian"]
[Black "Hewson, Brian Wr"]
[Result "1-0"]
[WhiteElo "1885"]
[BlackElo "2083"]
[PlyCount "83"]
[EventDate "2016.11.19"]

1. e4 c6 2. d4 d5 3. exd5 cxd5 4. c4 Nf6 5. Nf3 g6 6. Nc3 Bg7 7. Bf4 Nc6 8. c5
O-O 9. Be2 b6 10. Bb5 Bd7 11. Bxc6 Bxc6 12. Ne5 Qe8 13. b4 Nh5 14. Be3 bxc5 15.
Nxc6 Qxc6 16. bxc5 e5 17. O-O Rfd8 18. Rb1 Rd7 19. Rb5 f5 20. f3 f4 21. Bf2
Rad8 22. Qd3 Bf6 23. Re1 Re7 24. Reb1 Ng7 25. g3 fxg3 26. hxg3 Ne6 27. Ne2 Ng5
28. Kg2 e4 29. fxe4 dxe4 30. Qb3+ Kg7 31. Be3 Ne6 32. Rb7 Rdd7 33. Rxd7 Rxd7
34. Qb5 Qc8 35. c6 Rd8 36. Qb7+ Kg8 37. d5 Ng5 38. Qxc8 Rxc8 39. Bf4 Ne6 40.
Bd6 Rd8 41. dxe6 Rxd6 42. c7 1-0

[Event "26th WSCC 2016 Open 50+"]
[Site "Marianske Lazne, Czech Republic - Hotel Cristal and Continental"]
[Date "2016.11.26"]
[Round "7.52"]
[White "Elias, Miroslav"]
[Black "Kainz, Josef"]
[Result "1-0"]
[WhiteElo "2043"]
[BlackElo "1907"]
[PlyCount "55"]
[EventDate "2016.11.19"]

1. d4 Nf6 2. Nf3 g6 3. c4 d5 4. Nc3 Bg7 5. cxd5 Nxd5 6. e4 Nxc3 7. bxc3 c5 8.
Be3 O-O 9. Be2 Qa5 10. O-O Nc6 11. Qb3 cxd4 12. cxd4 Qb4 13. Rab1 Qxb3 14. Rxb3
e6 15. d5 exd5 16. exd5 Na5 17. Rb4 Rd8 18. Rd1 Bc3 19. Rbb1 Bf5 20. Rbc1 Bb4
21. Bc5 Bxc5 22. Rxc5 b6 23. Rc7 Rd6 24. Ng5 Re8 25. Bb5 Rxd5 26. Rxd5 Re1+ 27.
Bf1 h6 28. Rd8+ 1-0

[Event "26th WSCC 2016 Open 50+"]
[Site "Marianske Lazne, Czech Republic - Hotel Cristal and Continental"]
[Date "2016.11.26"]
[Round "7.53"]
[White "Sladek, Jaroslav"]
[Black "Melkeraen, Terje"]
[Result "1-0"]
[WhiteElo "1881"]
[BlackElo "2011"]
[PlyCount "85"]
[EventDate "2016.11.19"]

1. e4 e6 2. Nf3 d5 3. e5 c5 4. b4 cxb4 5. d4 Bd7 6. a3 Bc6 7. axb4 Bxb4+ 8. c3
Be7 9. Bd3 Nd7 10. O-O a6 11. Qc2 h6 12. Nbd2 Nb6 13. g3 Nc4 14. Re1 Bg5 15. h4
Nxd2 16. Nxd2 Bxd2 17. Qxd2 Ne7 18. Ba3 Qd7 19. Bc5 h5 20. Qg5 g6 21. Qf6 Rh7
22. Reb1 Rc8 23. Rb6 Ng8 24. Qg5 Ne7 25. Rab1 Ng8 26. R1b4 Ne7 27. Kg2 Qd8 28.
Kf3 Qd7 29. Kg2 Ng8 30. f3 Qd8 31. Qf4 Ne7 32. Kh3 Ng8 33. Bxg6 fxg6 34. Qf8+
Kd7 35. Qd6+ Ke8 36. Rxc6 Rxc6 37. Qf8+ Kd7 38. Rxb7+ Rc7 39. Rxc7+ Qxc7 40.
Qxg8 Kc6 41. Qxe6+ Kb5 42. Qxg6 a5 43. Qd3+ 1-0

[Event "26th WSCC 2016 Open 50+"]
[Site "Marianske Lazne, Czech Republic - Hotel Cristal and Continental"]
[Date "2016.11.26"]
[Round "7.54"]
[White "Meier, Franz"]
[Black "Borovicka, Bohumil"]
[Result "0-1"]
[WhiteElo "1859"]
[BlackElo "1991"]
[PlyCount "86"]
[EventDate "2016.11.19"]

1. e4 d5 2. exd5 Qxd5 3. Nc3 Qd6 4. d4 Nf6 5. Nf3 c6 6. Ne5 Be6 7. Be2 g6 8.
O-O Bg7 9. Bf4 Qd8 10. Qd2 O-O 11. Bf3 Qc8 12. Qe2 Nbd7 13. a4 a5 14. Nxd7 Qxd7
15. Rad1 Rfe8 16. Be5 Rad8 17. Bxf6 exf6 18. Ne4 Qc7 19. Qd2 f5 20. Nc3 Bxd4
21. Qg5 Qb6 22. Rb1 Bc4 23. Rfd1 Bxf2+ 24. Kh1 Be6 25. b3 Be3 26. Qh4 Bd4 27.
Ne2 Bg7 28. Qf4 Qb4 29. Rxd8 Rxd8 30. Qc7 Rc8 31. Qg3 Qd2 32. c3 Qc2 33. Rc1
Qxb3 34. Nd4 Bxd4 35. cxd4 Qxa4 36. d5 cxd5 37. Rxc8+ Bxc8 38. h3 Qd7 39. Qe5
d4 40. Qxa5 d3 41. Qd2 b5 42. Bd1 Bb7 43. Bb3 h5 0-1

[Event "26th WSCC 2016 Open 50+"]
[Site "Marianske Lazne, Czech Republic - Hotel Cristal and Continental"]
[Date "2016.11.26"]
[Round "7.55"]
[White "Polanyi, Peter"]
[Black "Kylar, Miroslav"]
[Result "1-0"]
[WhiteElo "1990"]
[BlackElo "1851"]
[PlyCount "67"]
[EventDate "2016.11.19"]

1. e4 d5 2. exd5 Qxd5 3. Nc3 Qd6 4. d4 Nf6 5. Nf3 c6 6. Be2 Bg4 7. O-O Nbd7 8.
Be3 e6 9. Re1 Be7 10. Qd2 Nb6 11. Ne5 Bxe2 12. Qxe2 Nbd5 13. Nxd5 Nxd5 14. Rad1
O-O 15. f4 Bh4 16. Rf1 Rad8 17. Rf3 Nxe3 18. Qxe3 c5 19. Rh3 Bf6 20. Qe4 g6 21.
Rdd3 cxd4 22. Ng4 Bg7 23. Nh6+ Bxh6 24. Rxh6 Qd5 25. Qe1 f6 26. Rdh3 Rd7 27.
Qh4 Rff7 28. Rxg6+ Kf8 29. Rxf6 Qe4 30. Qh6+ Kg8 31. Rg3+ Rg7 32. Rxe6 Qxc2 33.
Rxg7+ Rxg7 34. Re8+ 1-0

[Event "26th WSCC 2016 Open 50+"]
[Site "Marianske Lazne, Czech Republic - Hotel Cristal and Continental"]
[Date "2016.11.26"]
[Round "7.56"]
[White "Serafim Junior, Arnor"]
[Black "Fox, Anthony"]
[Result "0-1"]
[WhiteElo "1846"]
[BlackElo "1986"]
[PlyCount "110"]
[EventDate "2016.11.19"]

1. c4 e6 2. Nf3 d5 3. g3 Nf6 4. Bg2 Be7 5. O-O O-O 6. Qc2 c5 7. e3 Nc6 8. d3 d4
9. exd4 cxd4 10. Re1 Ne8 11. Bf4 f6 12. Qe2 e5 13. Bc1 Nc7 14. b3 a5 15. a3 Bg4
16. h3 Be6 17. Nbd2 Qd7 18. Kh2 Rab8 19. Ne4 b5 20. Qc2 Rfc8 21. Bb2 Na6 22.
Rab1 bxc4 23. bxc4 Nd8 24. Ra1 a4 25. Reb1 Nb7 26. Bc1 Nbc5 27. Nfd2 f5 28.
Nxc5 Nxc5 29. Rxb8 Rxb8 30. Rb1 Rxb1 31. Qxb1 Qc7 32. Nf3 h6 33. Nh4 Bxh4 34.
gxh4 e4+ 35. Kg1 Nxd3 36. Bd2 Bxc4 37. Qc2 Qc6 38. Qb1 Qb5 39. Qd1 Bb3 40. Qh5
Bf7 41. Qd1 Qb3 42. Qa1 Qb2 43. Qxb2 Nxb2 44. Kf1 Nc4 45. Bb4 d3 46. Ke1 Bd5
47. Bf1 h5 48. f3 Kf7 49. f4 Ke6 50. Bf8 g6 51. Bb4 Bc6 52. Bg2 Kd5 53. Kf2 Kd4
54. Bf1 Bd5 55. Be7 Kc3 0-1

[Event "26th WSCC 2016 Open 50+"]
[Site "Marianske Lazne, Czech Republic - Hotel Cristal and Continental"]
[Date "2016.11.26"]
[Round "7.57"]
[White "Krutina, Miroslav"]
[Black "Vieira, Alexandre Letizio"]
[Result "1/2-1/2"]
[WhiteElo "1983"]
[BlackElo "1835"]
[PlyCount "67"]
[EventDate "2016.11.19"]

1. Nf3 d5 2. c4 c6 3. g3 e6 4. Bg2 f5 5. O-O Nf6 6. d3 Bd6 7. Nc3 O-O 8. cxd5
exd5 9. Re1 Na6 10. a3 Ng4 11. h3 Ne5 12. e3 Qf6 13. Rf1 Bd7 14. Rb1 Rad8 15.
Ne2 Nxf3+ 16. Bxf3 g5 17. Bg2 Qg6 18. f4 gxf4 19. gxf4 Qh5 20. b4 Rf6 21. Bb2
Rg6 22. Kh2 Nc7 23. Qe1 Re8 24. Qf2 Kf7 25. Bf3 Qh6 26. Rg1 Ne6 27. Rxg6 hxg6
28. Kg2 Rg8 29. h4 a6 30. Rh1 Ng7 31. Qe1 Ne8 32. Qc3 Be7 33. Qb3 Nd6 34. Kf1
1/2-1/2

[Event "26th WSCC 2016 Open 50+"]
[Site "Marianske Lazne, Czech Republic - Hotel Cristal and Continental"]
[Date "2016.11.26"]
[Round "7.58"]
[White "De Meester, Johan"]
[Black "Horak, Vladimir"]
[Result "0-1"]
[WhiteElo "1828"]
[BlackElo "1961"]
[PlyCount "54"]
[EventDate "2016.11.19"]

1. c4 e6 2. Nc3 d5 3. d4 c6 4. Nf3 Nf6 5. e3 Be7 6. c5 Nbd7 7. Bd3 O-O 8. O-O
Qc7 9. b4 e5 10. dxe5 Nxe5 11. Nxe5 Qxe5 12. Bb2 Ng4 13. g3 Qh5 14. h4 Bxh4 15.
Kg2 Bxg3 16. Rh1 Bh2 17. Qf3 Re8 18. Ne2 Nxe3+ 19. fxe3 Bg4 20. Qg3 Bxg3 21.
Rxh5 Bxh5 22. Nxg3 Rxe3 23. Nxh5 Rxd3 24. Bxg7 a5 25. Rf1 axb4 26. Bh6 Rxa2+
27. Kg1 f5 0-1

[Event "26th WSCC 2016 Open 50+"]
[Site "Marianske Lazne, Czech Republic - Hotel Cristal and Continental"]
[Date "2016.11.26"]
[Round "7.59"]
[White "Galvan Sarmiento, Jose Luis"]
[Black "Randak, Pavel"]
[Result "0-1"]
[WhiteElo "1933"]
[BlackElo "1826"]
[PlyCount "94"]
[EventDate "2016.11.19"]

1. c4 e5 2. g3 Nc6 3. Bg2 f5 4. Nc3 Nf6 5. d3 Bb4 6. Bd2 O-O 7. e3 d6 8. Nge2
Bd7 9. a3 Bxc3 10. Bxc3 Rb8 11. O-O Ne7 12. d4 e4 13. Qc2 d5 14. b3 c6 15. a4
Qe8 16. Bb4 Qf7 17. Rfc1 Rfe8 18. a5 a6 19. Bf1 g5 20. Qd1 Ng6 21. Qd2 Be6 22.
Bc5 Rbd8 23. cxd5 Bxd5 24. b4 Bc4 25. Ra3 Kh8 26. Rac3 Ne5 27. Bg2 Bb5 28. g4
Nfxg4 29. Ng3 Nd3 30. Bb6 Rd5 31. Rf1 Nxb4 32. Rb1 Nd3 33. Rf1 Nde5 34. Rfc1 h5
35. Rc5 Nd3 36. Rxd5 Qxd5 37. Rf1 h4 38. Ne2 Qd6 39. f4 exf3 40. Rxf3 Qxh2+ 41.
Kf1 Qd6 42. Kg1 Nde5 43. Rxf5 Nc4 44. Qc3 Qh2+ 45. Kf1 Ngxe3+ 46. Ke1 Nxg2+ 47.
Kd1 Nge3+ 0-1

[Event "26th WSCC 2016 Open 50+"]
[Site "Marianske Lazne, Czech Republic - Hotel Cristal and Continental"]
[Date "2016.11.26"]
[Round "7.60"]
[White "Vasse, Albert"]
[Black "Giulian, Rosemary A"]
[Result "1/2-1/2"]
[WhiteElo "1826"]
[BlackElo "1932"]
[PlyCount "21"]
[EventDate "2016.11.19"]

1. e4 e6 2. d4 d5 3. Nd2 dxe4 4. Nxe4 Nd7 5. Nf3 Ngf6 6. Nxf6+ Nxf6 7. Bd3 c5
8. O-O cxd4 9. Nxd4 Be7 10. c3 O-O 11. Qe2 1/2-1/2

[Event "26th WSCC 2016 Open 50+"]
[Site "Marianske Lazne, Czech Republic - Hotel Cristal and Continental"]
[Date "2016.11.26"]
[Round "7.61"]
[White "Ruzicka, Tomas"]
[Black "Dobes, Ludek"]
[Result "0-1"]
[WhiteElo "1796"]
[BlackElo "2038"]
[PlyCount "70"]
[EventDate "2016.11.19"]

1. e4 c5 2. f4 d5 3. e5 Nc6 4. Bb5 Qb6 5. Bxc6+ Qxc6 6. Nf3 Bf5 7. O-O e6 8. d3
h5 9. Nh4 Bg4 10. Qe1 Nh6 11. h3 Bf5 12. Nc3 Be7 13. Nf3 Bg6 14. Ne2 Nf5 15.
Ng3 Nxg3 16. Qxg3 h4 17. Qf2 O-O-O 18. b4 cxb4 19. Kh1 Kb8 20. Be3 a6 21. Nd4
Qa4 22. Nb3 Rc8 23. Rfc1 Rc6 24. Nc5 Bxc5 25. Bxc5 Rhc8 26. Bd6+ Ka8 27. Rcb1
Rxc2 28. Qb6 Qc6 29. Qd4 Qc3 30. Qg1 Qxd3 31. Bxb4 Be4 32. Rb3 Qe2 33. Re1
Bxg2+ 34. Kh2 Be4+ 35. Rxe2 Rxe2+ 0-1

[Event "26th WSCC 2016 Open 50+"]
[Site "Marianske Lazne, Czech Republic - Hotel Cristal and Continental"]
[Date "2016.11.26"]
[Round "7.62"]
[White "Marsalek, Lubos"]
[Black "Vlcek, Antonin"]
[Result "1-0"]
[WhiteElo "1927"]
[BlackElo "1798"]
[PlyCount "85"]
[EventDate "2016.11.19"]

1. d4 Nf6 2. Nf3 d5 3. g3 e6 4. Bg2 b6 5. O-O Be7 6. Ne5 O-O 7. c4 Bb7 8. Nc3
c5 9. dxc5 Bxc5 10. Bg5 h6 11. Bxf6 Qxf6 12. Nd3 Na6 13. cxd5 exd5 14. Bxd5
Bxd5 15. Nxd5 Qd6 16. Nxc5 Nxc5 17. Rc1 Rad8 18. Nc3 Qe6 19. Qc2 Rfe8 20. Rfd1
Rc8 21. b4 Ne4 22. Qxe4 Qxe4 23. Nxe4 Rxc1 24. Rxc1 Rxe4 25. Rc8+ Kh7 26. Rc7
a6 27. Ra7 Rxb4 28. Rxa6 f5 29. Kg2 g5 30. h3 h5 31. a3 Rb3 32. f3 Kg6 33. a4
Kf7 34. Ra7+ Kg6 35. Rb7 Rb2 36. Kf2 g4 37. fxg4 hxg4 38. hxg4 fxg4 39. a5 b5
40. a6 Ra2 41. Rb6+ Kf5 42. Rxb5+ Ke4 43. Rg5 1-0

[Event "26th WSCC 2016 Open 50+"]
[Site "Marianske Lazne, Czech Republic - Hotel Cristal and Continental"]
[Date "2016.11.26"]
[Round "7.63"]
[White "Tkadlecek, Petr"]
[Black "Koblasa, Josef"]
[Result "0-1"]
[WhiteElo "1733"]
[BlackElo "1896"]
[PlyCount "126"]
[EventDate "2016.11.19"]

1. d4 Nf6 2. Nf3 g6 3. Bg5 Bg7 4. e3 d6 5. Bd3 Nbd7 6. Nc3 c5 7. d5 Qa5 8. O-O
Nb6 9. Bb5+ Nfd7 10. Qd3 a6 11. Qe4 f6 12. Bxd7+ Bxd7 13. Bh4 Bf5 14. Qf4 Bxc2
15. Rac1 Bf5 16. g4 Bd7 17. Qe4 Qb4 18. Rfd1 Bxg4 19. Kg2 Qxe4 20. Nxe4 O-O 21.
b3 Nd7 22. h3 Bh5 23. Rd2 g5 24. Bg3 Bg6 25. Nc3 h6 26. Kf1 Bh5 27. Kg2 b5 28.
Nh2 b4 29. Nd1 Bg6 30. f3 Nb6 31. Nf2 f5 32. f4 Bf7 33. Rcd1 c4 34. Nf3 Bc3 35.
Re2 cxb3 36. axb3 Bxd5 37. Rxd5 Nxd5 38. fxg5 hxg5 39. Nxg5 a5 40. Nd3 a4 41.
bxa4 Rxa4 42. Ne6 Rf6 43. Nd4 e5 44. Nb3 Ra3 45. Ndc1 f4 46. exf4 Nxf4+ 47.
Bxf4 Rxf4 48. Kg3 Ra7 49. Nd3 Rg7+ 50. Kh2 Rf3 51. Nf2 e4 52. Ng4 d5 53. Nc5
Rh7 54. Rg2 Rhxh3+ 55. Kg1 Kh8 56. Ne6 Rhg3 57. Nf2 e3 58. Nh1 Rxg2+ 59. Kxg2
Rf6 60. Ng5 Rg6 61. Kf3 Rxg5 62. Kxe3 d4+ 63. Ke2 b3 0-1

[Event "26th WSCC 2016 Open 50+"]
[Site "Marianske Lazne, Czech Republic - Hotel Cristal and Continental"]
[Date "2016.11.26"]
[Round "7.64"]
[White "Bartonicek, Zdenek"]
[Black "Hajsman, Ladislav"]
[Result "1/2-1/2"]
[WhiteElo "1894"]
[BlackElo "1784"]
[PlyCount "104"]
[EventDate "2016.11.19"]

1. e4 c5 2. c3 d6 3. d4 cxd4 4. cxd4 Nd7 5. Nc3 e6 6. Nf3 a6 7. Bd3 Be7 8. Bf4
Qa5 9. O-O e5 10. Bd2 Qd8 11. Rc1 Ngf6 12. h3 O-O 13. Be3 b6 14. a3 Bb7 15. d5
Rc8 16. Qd2 b5 17. b4 Nb6 18. Ne2 Nfd7 19. Ng3 Nc4 20. Bxc4 Rxc4 21. Rxc4 bxc4
22. Rc1 Qc7 23. Nf5 Nf6 24. Nxe7+ Qxe7 25. Rxc4 Qd7 26. Qc2 Rc8 27. Nd2 Rxc4
28. Qxc4 Ne8 29. Nb3 f5 30. f3 f4 31. Bb6 h5 32. Na5 Bc8 33. Nc6 Kf8 34. a4 g5
35. Nd8 Ng7 36. Qc7 g4 37. hxg4 hxg4 38. Qxd7 Bxd7 39. Bc7 Ne8 40. Bb6 gxf3 41.
Nc6 fxg2 42. b5 axb5 43. a5 Bxc6 44. dxc6 b4 45. a6 b3 46. c7 Nxc7 47. Bxc7 Ke7
48. a7 b2 49. Bd8+ Kd7 50. a8=Q b1=Q+ 51. Kxg2 Qc2+ 52. Kh3 Qc8 1/2-1/2

[Event "26th WSCC 2016 Open 50+"]
[Site "Marianske Lazne, Czech Republic - Hotel Cristal and Continental"]
[Date "2016.11.26"]
[Round "7.65"]
[White "Petersons, Ojars"]
[Black "Arias Castanedo, Jacinto"]
[Result "0-1"]
[WhiteElo "1704"]
[BlackElo "1857"]
[PlyCount "70"]
[EventDate "2016.11.19"]

1. d4 d5 2. Nf3 Nf6 3. e3 e6 4. Bd3 Nbd7 5. Nbd2 b6 6. b3 Bb7 7. Bb2 Be7 8. O-O
O-O 9. Ne5 g6 10. f4 Ne4 11. Nxe4 dxe4 12. Bc4 c6 13. a4 Nf6 14. Qe1 a6 15. Qg3
b5 16. Be2 Kh8 17. Qh3 Nd7 18. Rad1 Nxe5 19. dxe5 Qe8 20. g4 bxa4 21. bxa4 c5
22. Bc4 Qxa4 23. Bb3 Qb4 24. Rd7 Rae8 25. Ba1 c4 26. Rd4 Bd5 27. Rb1 Bc5 28.
Rxd5 exd5 29. f5 Qd2 30. Qh4 Qxe3+ 31. Kf1 Qf3+ 32. Ke1 Bb4+ 33. c3 Bxc3+ 34.
Bxc3 Qxc3+ 35. Kf1 Qxe5 0-1

[Event "26th WSCC 2016 Open 50+"]
[Site "Marianske Lazne, Czech Republic - Hotel Cristal and Continental"]
[Date "2016.11.26"]
[Round "7.66"]
[White "Panos, Jan"]
[Black "Laloucek, Miroslav"]
[Result "1-0"]
[WhiteElo "1845"]
[BlackElo "1771"]
[PlyCount "85"]
[EventDate "2016.11.19"]

1. d4 d5 2. Nf3 Bf5 3. c4 dxc4 4. Nc3 Nf6 5. e3 c6 6. Bxc4 h6 7. Qb3 e6 8. Qxb7
Nbd7 9. Qxc6 Rc8 10. Qa4 Bd6 11. Ba6 Rb8 12. Nb5 Qe7 13. Nxd6+ Qxd6 14. b3 Qc7
15. Bd2 Be4 16. Rc1 Qd6 17. Ne5 O-O 18. Nxd7 Bxg2 19. Nxf6+ gxf6 20. Rg1 Qxh2
21. Ke2 Kh7 22. Kd3 f5 23. Kc3 Be4 24. Rgf1 Rb6 25. Bc4 Rc8 26. Qxa7 Rb7 27.
Qa6 Qb8 28. Kb2 Ra7 29. Qb5 Qa8 30. a4 Rb7 31. Qa5 Ra7 32. Qb4 Rb8 33. Bb5 Rxb5
34. Qxb5 Rb7 35. Qa5 Ra7 36. Qc5 Rb7 37. a5 Bd5 38. b4 Qa6 39. Rg1 Qd3 40. Qc3
Qb5 41. Ka3 Ra7 42. e4 fxe4 43. Qe3 1-0

[Event "26th WSCC 2016 Open 50+"]
[Site "Marianske Lazne, Czech Republic - Hotel Cristal and Continental"]
[Date "2016.11.26"]
[Round "7.67"]
[White "Simon, Petr"]
[Black "Lavrincik, Pavel"]
[Result "1/2-1/2"]
[WhiteElo "1681"]
[BlackElo "1837"]
[PlyCount "39"]
[EventDate "2016.11.19"]

1. e4 d6 2. d4 Nf6 3. Nc3 g6 4. f3 Bg7 5. Be3 c6 6. Qd2 b5 7. Bd3 O-O 8. Bh6 e5
9. Bxg7 Kxg7 10. Nge2 Qb6 11. dxe5 dxe5 12. Ng3 Be6 13. Qf2 Qxf2+ 14. Kxf2 Nbd7
15. Be2 Nc5 16. a3 Rfd8 17. Rhd1 Nb7 18. Rxd8 Rxd8 19. Rd1 Rxd1 20. Bxd1
1/2-1/2

[Event "26th WSCC 2016 Open 50+"]
[Site "Marianske Lazne, Czech Republic - Hotel Cristal and Continental"]
[Date "2016.11.26"]
[Round "7.68"]
[White "Macek, Oldrich"]
[Black "Becvar, Miroslav"]
[Result "0-1"]
[WhiteElo "1677"]
[BlackElo "1834"]
[PlyCount "128"]
[EventDate "2016.11.19"]

1. e4 e6 2. Nf3 d5 3. Nc3 Bb4 4. a3 Ba5 5. b4 Bb6 6. Bb2 Ne7 7. Na4 dxe4 8.
Nxb6 axb6 9. Ne5 Nf5 10. Qg4 Qh4 11. d3 f6 12. Qxh4 Nxh4 13. Nc4 exd3 14. cxd3
Nc6 15. Nd2 Bd7 16. g3 Nf5 17. Nb3 Nce7 18. Bg2 Nd5 19. O-O Kf7 20. Rac1 Rac8
21. Rfe1 Rhe8 22. Nd2 Nd6 23. Nc4 Nf5 24. Ne3 Nfxe3 25. fxe3 Bc6 26. e4 Ne7 27.
d4 Red8 28. Bh3 Bd7 29. Rc2 Ng6 30. Bg2 c6 31. Rf2 Kg8 32. h4 Be8 33. Bh3 Bf7
34. Rd1 Rc7 35. Rfd2 Ne7 36. Bg2 Bh5 37. Rc1 Rcd7 38. Bh3 Bf7 39. a4 f5 40. Bg2
fxe4 41. Bxe4 Nf5 42. Bxf5 exf5 43. Rf2 g6 44. Re1 Ra8 45. g4 fxg4 46. Ra1 Bd5
47. Bc3 g3 48. Re2 Rf7 49. a5 Rf4 50. Re3 g2 51. h5 Raf8 52. Rg3 Rh4 53. Rxg2
Bxg2 54. Kxg2 Rxh5 55. a6 Rg5+ 56. Kh3 bxa6 57. Kh4 Rh5+ 58. Kg4 Rhf5 59. Bd2
h5+ 60. Kh4 a5 61. bxa5 bxa5 62. Rxa5 Rxa5 63. Bxa5 Rf4+ 64. Kg5 Rf5+ 0-1